000
00334nam a2200133 a 4500
005
20140412111328.0
008
110128s19uu xx 00 eng d
020
_a
1-85854-372-x
050
_a
TR(GS 513
_b
Br76 1996
245
_a
Brimax interactive 1 2 3.
260
_a
China :
_b
Brimax books.
650
_a
Counting
999
_c
104782
_d
104782